书目信息 |
| 题名: |
跨文化能力研究
|
|
| 作者: | 戴晓东 著 | |
| 分册: | ||
| 出版信息: | 北京 外语教学与研究出版社 2018.12 |
|
| 页数: | 276页 | |
| 开本: | 20cm | |
| 丛书名: | 跨文化研究核心话题丛书 | |
| 单 册: | ||
| 中图分类: | G115 | |
| 科图分类: | ||
| 主题词: | 文化事业--世界 | |
| 电子资源: | ||
| ISBN: | 978-7-5135-7519-5 | |
| 000 | 00703nam0 2200229 450 | |
| 001 | 2531578341 | |
| 005 | 20250107084830.94 | |
| 010 | @a978-7-5135-7519-5@dCNY68.90 | |
| 100 | @a20231204d2018 km y0chiy0120 ea | |
| 101 | 0 | @achi |
| 102 | @aCN@b110000 | |
| 200 | 1 | @a跨文化能力研究@AKua Wen Hua Neng Li Yan Jiu@f戴晓东著@FDai Xiao Dong Zhu |
| 210 | @a北京@c外语教学与研究出版社@d2018.12 | |
| 215 | @a276页@d20cm | |
| 225 | 2 | @a跨文化研究核心话题丛书 |
| 410 | 0 | @12001 @a跨文化研究核心话题丛书 |
| 510 | 1 | @a=A Study on LntercuLtural Competence |
| 606 | 0 | @a文化事业@x世界 |
| 690 | @aG115@v4 | |
| 701 | 0 | @a戴晓东@ADai Xiao Dong@4著 |
| 801 | 0 | @aCN@b河南城建学院图书馆@c20231204 |
| 905 | @dG115@eD130 | |
| 跨文化能力研究/戴晓东著.-北京:外语教学与研究出版社,2018.12 |
| 276页;20cm.-(跨文化研究核心话题丛书) |
| ISBN 978-7-5135-7519-5:CNY68.90 |
| ● |
| 相关链接 |
|
|
|
正题名:跨文化能力研究
索取号:G115/D130
 
预约/预借
| 序号 | 登录号 | 条形码 | 馆藏地/架位号 | 状态 | 备注 |
| 1 | 1554417 | 215544178 | 外国语学院资料室/ [索取号:G115/D130] | 在馆 |